| 000 | 01196nam a2200265Ia 4500 | ||
|---|---|---|---|
| 999 |
_c4595 _d4595 |
||
| 003 | OSt | ||
| 005 | 20200421112705.0 | ||
| 008 | 191128s2015 ck abd gr 000 0dspa d | ||
| 020 | _a9789586441834 | ||
| 040 |
_aCO-JMCR _cCO-JMCR |
||
| 041 | 0 | _aspa | |
| 082 | 0 | 4 |
_a303.62 / _bR696g |
| 100 | 1 |
_aRodríguez Cuadros, José Darío, _eautor _93328 |
|
| 245 | 1 | 0 |
_aGénesis, actores y dinamícas de la violencoia política en el Pacífico nariñense / _cJosé Darío Rodríguez Cuadros |
| 250 | _aPrimera edición | ||
| 260 |
_aBogotá : _bPontificia Universidad Javeriana, _c2015 |
||
| 300 |
_a155 páginas : _bgráficos, mapas a color ; _c23 cm. |
||
| 490 | 0 | _aColección territorio, poder y conflicto | |
| 500 | _aIncluye datos biográficos del autor en solapa frontal. | ||
| 504 | _aBibliografía : páginas 151-154. | ||
| 505 | _aEl pacífico nariñense. De la 'riqueza´ del oro a la 'miseria' de la coca. -- Dinámica y tendencias de la violencia política en el Pacífico nariñense (1990-2012) -- Violencia vivida en lo cotidiano. Desafíos para el presente | ||
| 650 | 1 | 4 |
_aViolencia política _zColombia _93329 |
| 650 | 2 | 4 |
_aPacífico nariñense _zColombia _93330 |
| 942 |
_2ddc _cBK |
||